000 01138nam a22003497a 4500
003 CHAP
005 20220329134855.0
008 971013s1942 r 00010 d
010 _a27280
011 _a28252
035 _a32355
040 _cCHAP
082 _a526.9
_bK45
100 0 0 _aKellogg, Charles E.
_962942
245 _aManual de levantamientos agrológicos
260 _a(s.l.) :
_b(s.e.),
_c1942
300 _a168 p.
_b: ilus.
590 _aBATCH-UPD
_b10
_c20130110
_lUCH01
_h1207
590 _aBATCH-UPD
_b10
_c20130410
_lUCH01
_h0748
590 _aBATCH-UPD
_b10
_c20130914
_lUCH01
_h0853
590 _aCONVERSION
_b10
_c20130109
_lUCH01
_h1316
650 1 4 _aCartografía.
_919644
650 1 4 _aTopografía.
_9113907
901 _aBK
942 _cLIBRO
949 _a526.9 K45
_bBC
_cBPA
_d-75129
_eBPA
_i32355
_si
949 _a526.9 K45
_bBC
_cBPA
_d-75130
_eBPA
_fc.2
_i32355
_si
949 _a526.9 K45
_bBC
_cBPA
_d-75131
_eBPA
_fc.3
_i32355
_si
949 _a526.9 K45
_bBC
_cBPA
_d-75132
_eBPA
_fc.4
_i32355
_si
949 _a526.9 K45
_bBC
_cBPA
_d-75133
_eBPA
_fc.5
_i32355
_si
949 _a526.9 K45
_bBC
_cBPA
_d-75134
_eBPA
_fc.6
_i32355
_si
999 _c27280
_d27280